Libro di lettura per la 5. elementare maschile sulle norme dei vigenti programmi. Giuseppe Signorini; ill. dal pittore fiorentino Corrado Sarri

Gespeichert in:
Bibliographische Detailangaben
1. Verfasser: signorini, giuseppe.
Weitere Verfasser: Sarri, Corrado <1866-1944>. Signorini, Giuseppe
Format: Buch
Sprache:Italienisch
Erschienen: Lanciano Carabba 1900
Katalog:EDISCO:  Suchergebnis im Bibliothekskatalog
Schulbuchspezifische Eigenschaften:
Tags: Tag hinzufügen
Keine Tags, Fügen Sie den ersten Tag hinzu!
Hinzugefügt zu:30.04.2016
Geändert in:04.10.2017

MARC

LEADER 00000aam a22000007 4500
001 22993
003 OSt
005 20171004090750.0
008 160501s1900 it 000 0 ita
040 |c Paola Zonca - Torino - SBN 
041 1 |a ita 
100 1 |a signorini, giuseppe. 
245 0 0 |a Libro di lettura per la 5. elementare maschile sulle norme dei vigenti programmi. Giuseppe Signorini; ill. dal pittore fiorentino Corrado Sarri 
260 |a Lanciano  |b Carabba  |c 1900 
300 |a 318 p. : i, ;   |c 18 cm. 
901 |a 7 
700 1 |a Sarri, Corrado <1866-1944>.  |a Signorini, Giuseppe 
942 |2 ddc  |c BK 
546 |a ita 
999 |c 22982  |d 22982 
999 |c edisco:22982  |d 22982